Statistics for Countries that end with the letter "A"

Click here to take the quiz!

General Stats

  • This quiz has been taken 4,249 times
    (4,224 since last reset)
  • The average score is 53 of 73

Answer Stats

Country% Correct
Australia
94%
Austria
90%
Algeria
89%
Albania
88%
Argentina
88%
Russia
87%
India
87%
Canada
86%
Armenia
84%
China
84%
Indonesia
83%
Latvia
83%
Colombia
82%
Andorra
82%
Angola
81%
Estonia
80%
Lithuania
80%
Libya
80%
Bulgaria
79%
Slovenia
79%
Slovakia
79%
Zambia
79%
South Korea
78%
Romania
78%
Croatia
78%
Bolivia
78%
Serbia
77%
North Korea
77%
Panama
76%
Malaysia
76%
Cuba
76%
Venezuela
75%
South Africa
75%
Somalia
75%
Ethiopia
75%
Namibia
75%
Tanzania
74%
Gambia
74%
Cambodia
74%
Bosnia Herzegovnia
74%
Saudi Arabia
73%
Kenya
73%
Nicaragua
72%
Guinea
72%
Nigeria
71%
Jamaica
71%
Tunisia
71%
Ghana
71%
Costa Rica
70%
Malta
70%
Mongolia
70%
Guatemala
70%
Syria
69%
Macedonia
69%
Eritrea
68%
Guyana
68%
Liberia
68%
Georgia
67%
Uganda
67%
Mauritania
67%
Dominica
66%
Rwanda
66%
Samoa
66%
Botswana
65%
Moldova
64%
Tonga
62%
Grenada
58%
Sri Lanka
57%
St Lucia
55%
Papua New Guinea
55%
Equatorial Guinea
55%
Micronesia
51%
Antigua & Barbuda
15%

Score Distribution

Percentile by Number Answered

Percent of People with Each Score

Your Score History

You have not taken this quiz since the last reset